00403pam a2200133 a 4500020002800000020003500028040000800063082002600071245003700097260003800134300005200172500002500224700002000249 a1563249065 (alk. paper) a1563249073 (pbk. : alk. paper) cDLC00a952 SHA 1997 A100 Or.00aJapan :ba documentary history / aArmonk, NY :bM.E. Sharpe,c1997. a2 v. (xv, 618 p., xlvi) :bill., maps ;c33 cm. a"An east gate book."1 aLu, David John,